00321nam a2200121Ia 4500008004100000041000800041082001400049100002600063245005700089260002200146300002400168365000700192240624s9999 xx 000 0 und d aeng a332.1 RBI aRESERVE BANK OF INDIA aREPORT ON TREND AND PROGRES OF BANKING IN INDIA 2006 c2007aMumbaibRBI a398 : p. : cm. ; 30 cRS